| Tag |
First Indicator |
Second Indicator |
Subfields |
| LEADER |
00000nam a2200000Ia 4500 |
| 001 |
in00004241908 |
| 005 |
20200807091643.0 |
| 006 |
m g d |
| 007 |
cr bn |||a|bb| |
| 008 |
840105s1664 enk o 00| | eng d |
| 035 |
|
|
|a (OCoLC)10268387
|
| 040 |
|
|
|a UMI
|c UMI
|d WaOLN
|
| 037 |
|
|
|a CL0037000047
|b ProQuest Information and Learning. 300 N. Zeeb Rd., Ann Arbor, MI 48106
|
| 049 |
|
|
|a UMIA
|
| 090 |
|
|
|a BV629
|b .D85
|
| 100 |
1 |
|
|a Du Moulin, Peter,
|d 1601-1684.
|
| 245 |
1 |
2 |
|a A vindication of the sincerity of the Protestant religion in the point of obedience to sovereignes :
|b opposed to the doctrine of rebellion authorised and practised by the Pope and the Jesuites in answer to a Jesuitical libel entituled Philanax anglicus /
|c by Peter Du Moulin.
|
| 260 |
|
|
|a London :
|b Printed by I. Redmayne for John Crook,
|c 1664.
|
| 300 |
|
|
|a 1 online resource ([24], 142 pages)
|
| 336 |
|
|
|a text
|b txt
|2 rdacontent
|
| 337 |
|
|
|a computer
|b c
|2 rdamedia
|
| 338 |
|
|
|a online resource
|b cr
|2 rdacarrier
|
| 500 |
|
|
|a Reproduction of original in the University of Illinois (Urbana-Champaign Campus). Library.
|
| 510 |
4 |
|
|a Wing
|c D2571.
|
| 533 |
|
|
|a Electronic reproduction.
|b Ann Arbor, Mich. :
|c UMI,
|d 1999-
|f (Early English books online)
|n Digital version of: (Early English books, 1641-1700 ; 1382:7)
|7 s1999 miun s
|
| 650 |
|
0 |
|a Church and state
|v Early works to 1800.
|
| 650 |
|
0 |
|a Protestantism
|x History
|v Early works to 1800.
|
| 830 |
|
0 |
|a Early English books online.
|
| 856 |
4 |
0 |
|u http://proxy.library.tamu.edu/login?url=https://search.proquest.com/docview/2240952423
|z Connect to the full text of this electronic book
|t 0
|
| 999 |
f |
f |
|s 517b3af6-50d8-3c02-ab76-21eead401dca
|i 54e46172-943f-360c-a8a2-84e806b4cbac
|t 0
|
| 952 |
f |
f |
|a Texas A&M University
|b College Station
|c Electronic Resources
|d Available Online
|t 0
|e BV629 .D85
|h Library of Congress classification
|
| 998 |
f |
f |
|a BV629 .D85
|t 0
|l Available Online
|